Jedzenie po niemiecku - Statystyki

Ogólne statystyki
  • Ten quiz został rozwiązany 876 razy
  • Średni wynik to 18 z 38
Statystyki odpowiedzi
Hint Odpowiedź % Poprawnych
chleb brot
92%
jabłko apfel
89%
jajko ei
84%
masło butter
81%
pizza pizza
77%
ryba fisch
75%
kiełbasa wurst
73%
bułka brotchen
69%
ser żółty kase
69%
banan banane
66%
owoce obst
62%
pomidor tomate
62%
jogurt joghurt
60%
ogórek gurke
58%
warzywa gemuse
57%
spaghetti spaghetti
55%
ziemniak kartoffel
54%
sałata salat
54%
lody eis
52%
musli musli
51%
mięso fleisch
50%
kiełbasa curry currywurst
48%
ryż reis
47%
marmolada marmelade
41%
frytki pommes
38%
papryka paprika
37%
twaróg quark
35%
sznycel schnitzel
28%
cebula zwiebel
26%
tost toast
21%
kurczak hahnchen
20%
arbuz wassermelone
15%
kapusta kiszona sauerkraut
7%
winogrono weintraube
6%
golonka eisbein
5%
rolada roulade
5%
klopsy z mięsa konigsberger klopse
1%
zupa kremowa z marchwi mohrencremesuppe
1%
Nie znaleziono quizów pasujących do podanych kryteriów
Rozkład punktacji
Procent ludzi z każdym wynikiem
Percentyl według liczby udzielonych odpowiedzi
Twoja historia wyników
Nie rozwiązałeś tego quizu